| 000 | 00380nam a22001457a 4500 | ||
|---|---|---|---|
| 020 | _qHB. | ||
| 040 | _cFIZZA ISHAQ | ||
| 082 |
_a343.730 _bNIC |
||
| 100 |
_aCORNELL, NICHALOSI. _991189 |
||
| 245 |
_aCAUSATION AND DELAY IN CONSTRUCTION DISPUTES / _cNICHOLAS CARNELL. |
||
| 250 | _a2nd ED. | ||
| 260 |
_aNEW YORK ; _bBALCK WILEY, _c2005. |
||
| 300 | _a304 P. ; | ||
| 942 |
_2ddc _cBK |
||
| 999 |
_c589350 _d589350 |
||